| 000 | 00000nam##2200000za#4500 |
| 001 | 9.567628 |
| 003 | CaOODSP |
| 005 | 20210624180851 |
| 007 | cr ||||||||||| |
| 008 | 150406|1998||||xxc|||||o f|0| 0 eng|d |
| 040 | |aCaOODSP|beng |
| 043 | |an-cn--- |
| 086 | 1 |aBT31-2/1999-III-18E-PDF |
| 110 | 1 |aCanada. |bTreasury Board. |
| 245 | 10|aCanadian International Trade Tribunal, 1998-99 estimates, a report on plans and priorities |h[electronic resource] |
| 260 | |bTreasury Board of Canada Secretariat |c[1998]. |
| 300 | |a19p.|borganization chart, references, tables, index |
| 490 | 1 |a1998-99 estimates. Part III, Report on plans and priorities |v1998-99 |
| 590 | |a10-07-Supp|b2010-09-08 |
| 775 | 08|tTribunal canadien du commerce extérieur, 1998-1999, budget des dépenses, rapport sur les plans et les priorités |w(CaOODSP)9.598955 |
| 776 | 0#|tCanadian International Trade Tribunal |w(CaOODSP)9.530298 |
| 776 | 0#|tTribunal canadien du commerce extérieur |w(CaOODSP)9.530299 |
| 830 | #0|a1998-99 estimates. Part III, Report on plans and priorities ;|v1998-99|w(CaOODSP)9.505714 |
| 856 | 40|ahttp://publications.gc.ca|qPDF|s60 KB|uhttps://publications.gc.ca/collections/Collection/BT31-2-1999-III-18E.pdf|y1998-99 |